000 00890nmm a2200265 a 4500
001 ocm0001132528
003 TR-IsHL
005 20201028155557.0
008 150709s2013 tu tur
007 cr cn
020 _a9786056252198
035 _a1132528
_b(N$T)
050 0 4 _aPN1993.5
_b.G45 2013
090 0 4 _aPN1993.5
_b.G45 2013
100 1 _aGemici, İslam
245 1 0 _aGizemli bir Dünya: sinema
_h[electronic resource] /
_cİslam Gemici
260 _aİstanbul :
_bBiyografi Net İletişim Yayıncılık,
_c2013
300 _a193 p.
650 4 _aDil ve Edebiyat
650 4 _aLanguage and Literature
650 0 _aSinema
_x Eleştiri ve yorum
650 0 _aMotion pictures
_x Criticism and interpretation
650 7 _aPERFORMING ARTS / General
_2bisacsh
856 4 0 _uhttp://search.ebscohost.com/login.aspx?direct=true&scope=site&db=e011xww&AN=1132528
999 _c13155
_d13155